000 01696cam a22004814i 4500
003 PE-LiUPU
005 20250731173525.0
008 150616s r 000 0 d
020 _a0801038758
035 _a(Sirsi) i9780801038754
040 _aPE-LiUPU
_bspa
_cPE-LiUPU
_erda
049 _aPRUA
082 0 4 _a280.042
_bG34
_221
100 1 _aGeisler, Norman L.,
_eautor.
245 1 0 _aRoman Catholics and Evangelicals :
_bagreements and differences /
_cNorman L. Geisler and Ralph E. MacKenzie.
264 1 _aMichigan :
_bBaker Books,
_c1995.
300 _a538 páginas ;
_c23 centímetros
336 _atext
_2rdacontent
337 _aunmediated
_2rdamedia
338 _avolume
_2rdacarrier
505 0 _aAreas of doctrinal agreement.- Areas of doctrinal diferences.- Areas of practical cooperation.
526 _aSEG42
526 _aSEG41
526 _aSEG40
526 _aSEG39
526 _aP94
526 _aP87
526 _aP86
526 _aP85
526 _aP77
526 _aP76
526 _aP35
650 0 4 _aEvangelicalismo
_xRelaciones
_xIglesia católica.
650 0 4 _aIglesia Católica
_xRelations
_xEvangelicalismo.
700 1 _aMacKenzie, Ralph E ,
_eautor.
910 _ajck
_bjvq
_cjck
942 _2ddc
_cBOOK
949 _a280.042 G34
_wDEWEY
_c1
_i42197
_lCCODEBUL1
_mBUL
_r0
_sY
_tBOOK
_u2015-6-16
_xTEOLOGIA
_zUNKNOWN
_0COMPRA
_o.STAFF. Colección General
994 _aC0
_bPEPRU
596 _a1
999 _a280.042 G34
_wDEWEY
_c59889
_i42197
_d59889
_f2021-11-11
_g5
_lCCODEBUL1
_mBUL
_q1
_r0
_sY
_tBOOK
_u2015-6-16
_xTEOLOGIA
_zUNKNOWN
_0COMPRA
_o.STAFF. Colección General
980 _81
_gALBERTO SANCHEZ Responsable de Automatización